000 00496nam a2200229Ia 4500
008 210210b1909 xxu||||| |||| 00| 0 eng d
041 _aeng
082 _a821/299
100 _aHOOD (T)
245 _aPoems of Wit and Humour Vol II
260 _aLondon
_bMacmillan & Co. Ltd.
_c1909
440 _aII
650 _aWit
650 _aVol
650 _aPoems
650 _aof
650 _aII
650 _aHumour
650 _aand
690 _aEnglish Literature
906 _a011469
999 _c130146
_d130146